| 000 | 01376cam a2200361 a 4500 | ||
|---|---|---|---|
| 999 |
_c21231 _d21231 |
||
| 001 | 15122291 | ||
| 003 | OSt | ||
| 005 | 20200610135345.0 | ||
| 008 | 071121s2008 ii b 001 0 eng | ||
| 010 | _a 2007434266 | ||
| 020 | _a9788189973001 | ||
| 020 | _a8189973002 | ||
| 025 | _aI-E-2007-434266; 11 | ||
| 035 | _a(IN-NdUBS)UBS07003174 | ||
| 037 |
_bLibrary of Congress -- New Delhi Overseas Office _cRs840.00 |
||
| 040 |
_aDLC _coclc _dDLC |
||
| 042 | _alcode | ||
| 050 | 0 | 0 |
_aBQ4570.E23 _bE35 2008 |
| 082 |
_a294.35691 _bPAN/E |
||
| 100 |
_92739 _aPandey, K C |
||
| 245 | 0 | 0 |
_aEcological perspectives in Buddhism / _c K.C. Pandey. |
| 260 |
_aNew Delhi : _bReadworthy Publications, _c2008. |
||
| 300 |
_axiii, 298 p. ; _c23 cm. |
||
| 504 | _aIncludes bibliographical references (p. [281]-286) and index. | ||
| 520 | _aContributed research papers and revised versions of some presentations at ICPR national seminar held at Dharamsala in May 2002. | ||
| 650 | 0 |
_aEcology _xMoral and ethical aspects. |
|
| 650 | 0 |
_aBuddhism _xDoctrines. |
|
| 700 | 1 |
_aPandey, K. C. _q(Kali Charan), _d1970- |
|
| 856 | 4 | 1 |
_3Table of contents only _uhttp://www.loc.gov/catdir/toc/fy0803/2007434266.html |
| 906 |
_a7 _bcbc _corigode _d3 _encip _f20 _gy-gencatlg |
||
| 942 |
_2ddc _cBK _h294.35691 _iPAN/E _k294.35691 _mPAN/E |
||